00726nam a2200217 a 450000100060000000300090000600800410001502000150005604000280007108200080009910000200010724500170012726000510014430000100019559000490020565000390025465000430029394200120033699900170034895201430036518205CO-ViMGA141112s2004 ck r 000 u spa d a9681660234 aCO-ViMGAbspacCO-ViMGA04aFOX1 aFox, Men95260110a¿Que crees? aMexico, cFondo de cultura económica, c1999 a22.p. aForma de adquisición : Premio - Mincultura14aBRUJAS - CUENTOS INFANTILES92591514aCUENTOS INFANTILES AUSTRALIANOS925916 2ddccBK c27565d27565 01102ddc44708008aMEVIECARbMEVIECARd2015-12-04hVolumen. 1 | 11/jun/2009l0oFOX p18205r2015-12-04 00:00:00tEj. 1w2015-12-04yBK